000 00465nam a2200181Ia 4500
001 314
005 20260306140508.0
008 260306t1998||||xx |||||||||||||| ||spa||
041 _aESP
082 _a101
_bB17
100 _aBalmes, Jaime
_eAUT
245 0 _aFilosofía elemental :
_blógica - ética - metafísica - historia de la filosofía
260 _c1998
300 _a386 páginas :
_c22 cm.
650 _aGEN
654 _aCHU
942 _cLIB
_dJUS
_fJUS
_2ddc
_n
999 _c314
_d314